[Event "EICC 2017"]
[Site "Minsk"]
[Date "2017.06.06"]
[Round "7"]
[White "Mchedlishvili, Mikheil"]
[Black "Girya, Olga"]
[Result "1-0"]
[WhiteElo "2605"]
[BlackElo "2476"]
[Annotator "TA"]
[PlyCount "165"]
[EventDate "2017.??.??"]
[EventCountry "BLR"]
[SourceTitle "playchess.com"]
[Source "ChessBase"]
[SourceQuality "1"]

{[%evp 9,165,25,39,36,36,27,48,36,31,18,16,13,18,34,19,8,22,0,0,0,0,0,0,0,0,0,0,0,0,0,13,2,9,5,11,0,8,0,16,7,19,26,16,0,39,41,114,33,33,33,33,41,42,0,0,0,25,23,29,32,73,71,95,95,95,95,95,95,94,93,95,125,125,49,52,0,0,0,0,0,0,0,0,0,0,0,0,0,0,0,0,0,0,0,0,0,2,0,0,0,0,0,52,52,52,52,52,0,0,0,0,0,0,0,52,0,0,0,12844,0,12843,0,52,52,52,52,52,52,12847,12847,12851,29960,12851,29963,12851,29965,12851,29969,29969,29969,29969,29970,29970,29971,29969,29971,29973,29974,29974,29975,29975,29976,29976,29977,29980,29981,29981,29982]} 1. c4 c6 2. Nf3 d5 3. d4 Nf6 4. g3 Bf5 5. Nc3 h6 (5... e6 6. Nh4 Bg4 7. Qb3 Qb6 8. h3 Bh5 9. g4 Bg6 10. Nxg6 hxg6 11. Bg2 Na6 12. Bf4 Qb4 {1-0 (46) Gelfand,B (2734)-Inarkiev,E (2730) Magas 2016}) 6. Qb3 {D11: Slav Defence: 3 Nf3 sidelines and 3...Nf6 4 e3 Bg4} Qb6 7. cxd5 cxd5 8. Nxd5 {White is slightly better.} Nxd5 $146 ({Predecessor:} 8... Qa5+ 9. Nc3 Be4 10. Bg2 e6 11. Bd2 Bc6 12. e4 Qc7 {1-0 (54) Schulze,L (1299)-Winkin,J (1247) Mureck 2016}) 9. Qxd5 e6 10. Qb3 Bb4+ 11. Bd2 Nc6 {[%cal Bb8c6,Bc6b4,Bb4c2][%mdl 32]} 12. Bxb4 Qxb4+ 13. Qxb4 Nxb4 14. Kd2 Rc8 15. Ne1 Ke7 16. Bg2 Nc2 17. Rc1 Nxd4 18. Rxc8 Rxc8 19. Bxb7 Rd8 20. e4 Rd7 21. Ba8 Rd8 22. Bb7 Rd7 23. Ba8 Rd8 24. Ke3 Bh3 25. Bb7 f5 26. f3 Rd7 27. Ba6 g5 {[#]} (27... e5 $14) 28. Bd3 (28. e5 $1 $16) 28... e5 $14 29. exf5 Nxf5+ 30. Kf2 h5 31. Rg1 (31. g4 $5 hxg4 32. Bxf5 g3+ 33. Ke2 $14 (33. Kxg3 Bxf5 34. h4 gxh4+ 35. Rxh4 Rd2 $14)) 31... Kf6 32. Ke2 Nd4+ 33. Ke3 Be6 34. b3 Rc7 35. f4 g4 36. Rf1 Nf5+ 37. Bxf5 Bxf5 38. fxe5+ Kxe5 39. Nd3+ Bxd3 40. Kxd3 $16 {[%mdl 4096] Endgame KR-KR} Rd7+ 41. Kc3 (41. Ke3 $16) 41... Ke4 $1 $14 42. Rf4+ ({Better is} 42. Rf2 $14) 42... Ke3 $1 $11 43. Rf5 {aiming for Re5+.} Rd3+ 44. Kc4 {Black must now prevent Re5+.} Rd2 45. Rxh5 {And now a4 would win.} Rxa2 46. b4 a6 47. Kb3 Ra1 48. Rf5 Rb1+ 49. Ka3 Rh1 50. Kb3 Rb1+ 51. Kc4 {Threatens to win with Ra5.} Rc1+ 52. Kd5 {Black should prevent Rf4.} Rc2 53. Rf4 Rxh2 54. Rxg4 Kf3 55. Rg5 Rb2 (55... Rc2 $11) 56. Kc4 $14 Rc2+ 57. Kb3 Rc6 58. Ka4 (58. Rc5 $14 Rh6 59. Rg5) 58... Rc1 $1 $11 59. Kb3 Rb1+ 60. Kc3 Rc1+ 61. Kb2 Rc6 (61... Rc4 $11) 62. Rg8 ({White should play} 62. Rc5 $1 $14 Rg6 63. Rc3+ Kg4 64. Kb3) 62... Rc4 63. Kb3 Rc6 $2 {[%mdl 8192]} (63... Rc1 $11) 64. Rg7 $2 (64. Ra8 $18 Kxg3 65. Rf8) 64... Rd6 $2 {[%mdl 8192] [#]} (64... Rc1 $11) 65. Rg5 $2 (65. Ra7 $1 $18 Rb6 66. Rf7+ Kxg3 67. Kc4) 65... Rc6 $14 66. Rc5 Rd6 67. Rc3+ Kg4 68. Ka4 Rb6 $2 {[%mdl 8192]} (68... Rd1 $14) 69. Rc4+ $18 Kxg3 70. Ka5 Rd6 71. Rc7 (71. Rc8 $18 Kf4 72. Ra8) 71... Kf4 72. Ra7 Ke5 73. Rxa6 Rd1 {White mates.} 74. Rc6 Kd5 75. b5 {[%cal Bb4b5,Bb5b6][%mdl 32]} Ra1+ 76. Kb6 Rb1 77. Ka6 Rh1 78. Rg6 Kc5 79. b6 Rb1 80. Ka7 Ra1+ 81. Kb8 Ra6 82. Kc7 Kd5 83. Rg5+ {Precision: White = 58%, Black = 63%.} 1-0

[Event "EICC 2017"]
[Site "Minsk"]
[Date "2017.06.06"]
[Round "7"]
[White "Vocaturo, Daniele"]
[Black "Shevchenko, Kirill"]
[Result "0-1"]
[WhiteElo "2604"]
[BlackElo "2491"]
[Annotator "TA"]
[PlyCount "88"]
[EventDate "2017.??.??"]
[EventCountry "BLR"]
[SourceTitle "playchess.com"]
[Source "ChessBase"]
[SourceQuality "1"]

{[%evp 22,88,2,0,15,7,14,3,0,12,27,-37,-30,-35,0,0,0,-4,-7,-20,64,42,99,66,117,42,46,-65,-65,-65,-68,-66,-12,-5,-5,-20,0,-108,-98,-94,-107,-84,-47,-50,-58,-103,-64,-100,-105,-104,-100,-108,-53,-867,-547,-435,-544,-518,-563,-469,-531,-510,-491,-477,-429,-604,-604,-614,-610]} 1. e4 c5 2. Nf3 d6 3. d4 cxd4 4. Nxd4 Nf6 5. Nc3 a6 6. h3 e5 7. Nde2 h5 {B90: Sicilian Najdorf: Unusual White 6th moves, 6 Be3 Ng4 and 6 Be3 e5} 8. Bg5 Be6 9. Bxf6 Qxf6 10. Nd5 Qd8 11. Qd3 Nd7 12. O-O-O {LiveBook: 14 Games} Nf6 $146 ({Predecessor:} 12... g6 13. Kb1 Nc5 14. Qa3 Bxd5 15. Rxd5 {1-0 (41) Salem,A (2652)-Areshchenko,A (2682) Sharjah 2017}) 13. Nec3 Rc8 14. g3 g6 15. Kb1 Rc5 16. Bg2 ({White should try} 16. Ne3 $11) 16... Bxd5 $15 17. exd5 Bh6 18. f4 exf4 19. Rde1+ Kf8 20. Rhf1 (20. Qd4 $5 {[%cal Rc3e4]}) 20... Kg8 (20... fxg3 $11 21. Ne4 Nxe4 22. Bxe4 Rc7) 21. gxf4 $14 Bg7 (21... Kg7 $14) 22. Re2 Kh7 (22... Rc8 $14) 23. h4 (23. f5 $16) 23... Re8 24. Rfe1 ({White should play} 24. f5 $14) 24... Rxe2 $15 25. Rxe2 Rxc3 26. bxc3 ({Much weaker is} 26. Qxc3 Nxd5 27. Qb3 Nxf4 $17) 26... Qb6+ (26... Ng4 $15 27. Kc1 Qxh4) 27. Kc1 $11 Qg1+ 28. Kd2 Qh2 29. f5 (29. Qf3 $1 $11) 29... Bh6+ $17 ({Don't play} 29... Qxh4 $6 30. fxg6+ fxg6 31. Kc1 $15) 30. Ke1 Qxh4+ 31. Kf1 Ng4 {[#] Hoping for ...Be3!} 32. fxg6+ fxg6 {White must now prevent ...Be3!} 33. Qh3 Qg5 {[%mdl 1024] Strongly threatening ...Qf5+. Black has strong compensation.} 34. Kg1 Qc1+ 35. Bf1 Be3+ 36. Kg2 Bc5 (36... Bg5 $17 37. Qf3 Kg7) 37. Kg3 $2 {[%mdl 8192]} (37. Re7+ $15 Kh6 38. Qf3) 37... Qg5 {( -> ...Ne5+). Black is clearly winning.} 38. Qh4 Bf2+ 39. Rxf2 Qxh4+ 40. Kxh4 Nxf2 $19 {KB-KN} 41. c4 {c5! is the strong threat.} Kh6 42. Bg2 {[#]} b6 $1 43. Kg3 (43. Bf3 $142 g5+ 44. Kg3) 43... Ng4 44. Kf4 g5+ {Precision: White = 26%, Black = 52%.} 0-1

[Event "EICC 2017"]
[Site "Minsk"]
[Date "2017.06.06"]
[Round "7"]
[White "Bosiocic, Marin"]
[Black "Baghdasaryan, Vahe"]
[Result "0-1"]
[WhiteElo "2603"]
[BlackElo "2449"]
[Annotator "TA"]
[PlyCount "84"]
[EventDate "2017.??.??"]
[EventCountry "BLR"]
[SourceTitle "playchess.com"]
[Source "ChessBase"]
[SourceQuality "1"]

{[%evp 37,84,40,95,-9,0,-31,0,0,0,0,0,0,0,0,0,-325,-308,-397,-410,-385,-383,-374,-357,-543,-478,-996,-991,-932,-519,-515,-507,-716,-712,-912,-902,-1127,-872,-1615,-1521,-1304,-764,-29987,-29988,-29988,-29989,-29989,-29990,-29990,-29991]} 1. d4 d5 2. c4 c6 3. Nf3 Nf6 4. Nc3 e6 5. Bg5 dxc4 6. e4 b5 7. e5 h6 8. Bh4 g5 9. Nxg5 hxg5 10. Bxg5 Nbd7 11. exf6 Bb7 12. g3 c5 13. d5 Nxf6 14. Bg2 Be7 15. O-O Nxd5 {D44: Semi-Slav: Botvinnik System} 16. Bxe7 Kxe7 17. Nxb5 (17. Qe1 Nxc3 18. Bxb7 Rb8 19. Qxc3 Rxb7 20. Rfd1 Qb8 21. a4 a6 22. axb5 axb5 23. b3 {½-½ (39) Aronian,L (2757)-Van Wely,L (2618) Dresden 2008}) 17... Qb6 18. Na3 Rh4 19. Qd2 Rg8 {LiveBook: 6 Games} ({Black should try} 19... Nf4 $1 $14 20. Nxc4 (20. gxf4 Bxg2 21. Kxg2 Rg8+ 22. Kf3 Rh3+ 23. Ke2 c3 $17) 20... Qa6) 20. Rfd1 $146 (20. gxh4 $2 {[#] is the wrong capture.} Nf4 $1 $19 {[%mdl 512]}) ({White should play} 20. f4 $16) ({Predecessor:} 20. Rac1 Nf4 21. Nxc4 Qc7 22. Bxb7 Qxb7 23. Qd6+ Kf6 24. Qe5+ Kg6 25. f3 Kh7 26. Rc2 Rg5 27. Qe4+ Qxe4 28. fxe4 f6 29. Kh1 {1-0 (29) Guilleux,F (2388)-Bajarani,U (2424) Paris 2011}) 20... Rd4 $11 21. Qh6 {Rxd4 is the strong threat.} Nf4 ({Wrong is} 21... Qxb2 $2 22. Rdb1 $18) 22. Qh4+ Ke8 23. Rxd4 Ne2+ 24. Kf1 $1 Nxd4 25. Re1 $1 Ba6 {And now ...c3+ would win.} 26. Qe4 $2 {[%mdl 8192]} (26. Qh7 $2 Rg6 $19) (26. Kg1 $1 $11 {and White is okay.}) 26... f5 $19 ({Resist} 26... c3+ 27. Kg1 $19) 27. Qe5 c3+ $1 28. Kg1 cxb2 29. Qf6 Bd3 30. h4 {[#]} (30. Nb1 {was worth a try.}) 30... f4 $1 {[%mdl 512]} 31. Qe5 (31. Kh2 $142 Qd6 32. Re5) (31. Qxf4 Qa5) 31... fxg3 32. fxg3 b1=Q 33. Nxb1 Bxb1 34. h5 Bf5 35. h6 c4 {[%cal Bc5c4,Bc4c3][%mdl 32]} 36. Kh2 c3 37. Re3 Rg5 38. g4 Rxg4 {aiming for ...Qb2.} 39. Rg3 Rh4+ {Black mates.} 40. Bh3 Qb2+ 41. Kh1 Qb1+ 42. Kh2 Qc2+ {Precision: White = 28%, Black = 64%.} 0-1

[Event "EICC 2017"]
[Site "Minsk"]
[Date "2017.06.06"]
[Round "7"]
[White "Pashikian, Arman"]
[Black "Usmanov, Vasily"]
[Result "1-0"]
[WhiteElo "2603"]
[BlackElo "2443"]
[Annotator "TA"]
[PlyCount "135"]
[EventDate "2017.??.??"]
[EventCountry "BLR"]
[SourceTitle "playchess.com"]
[Source "ChessBase"]
[SourceQuality "1"]

{[%evp 14,135,28,29,31,26,51,43,68,60,69,45,114,79,78,80,82,80,72,84,81,79,104,92,106,92,94,81,116,71,72,69,87,68,124,125,128,128,125,112,112,113,123,127,125,115,116,115,124,120,146,129,138,133,140,126,95,42,51,54,85,30,65,65,72,29,32,0,66,22,19,22,27,0,0,0,6,0,0,0,0,0,0,0,8,6,6,6,6,8,716,646,624,589,29970,29970,29972,29974,29973,0,3629,0,29974,29975,29978,29976,29975,29977,29977,29978,29978,29979,29979,29980,29981,29982,29982,29983,29985,29986,29986,29986,29990,29989]} 1. d4 Nf6 2. Nf3 e6 3. c4 Bb4+ 4. Bd2 Qe7 5. g3 Bxd2+ 6. Qxd2 Nc6 {E11: Bogo-Indian} 7. e3 (7. b3 d5 8. Bg2 Ne4 9. Qb2 Qb4+ 10. Nfd2 Nxd2 11. Nxd2 dxc4 12. Rc1 O-O 13. Rxc4 Qb6 14. O-O {1-0 (66) Vidit,S (2670)-Safarli,E (2680) Dubai 2017}) 7... d5 8. Qc3 {LiveBook: 5 Games} Ne4 {White has an edge.} 9. Qc1 Qb4+ $146 ({Predecessor:} 9... O-O 10. Bg2 Nd8 11. O-O c6 12. Nc3 f5 13. a3 Nf7 14. b4 {1-0 (52) Sarana,A (2427)-Radzhabov,R (2116) Nizhny Tagil 2016}) 10. Nbd2 dxc4 11. a3 Qa5 12. Bg2 Bd7 (12... e5 $14) 13. Qxc4 (13. O-O {feels hotter.} Nxd2 14. Nxd2 O-O 15. Nxc4 Qb5 16. Rd1) 13... Qd5 14. O-O Nxd2 15. Nxd2 Qxc4 16. Nxc4 a5 17. Rfc1 Ke7 18. Nd2 Rhc8 19. Rc3 a4 20. Rac1 Ra6 21. Bf1 Ra7 22. Ne4 Be8 23. Bg2 Ra6 ({Black should try} 23... Kd8 $14) 24. Nc5 $16 Ra7 25. R1c2 Rb8 26. Nxb7 Raxb7 27. Bxc6 Rxb2 28. Rxb2 Rxb2 29. Bxe8 Kxe8 {[%mdl 4096] Endgame [#] KR-KR} 30. Rc4 $1 ({Of course not} 30. Rxc7 $6 Rb3 $11) 30... Kd7 31. Rxa4 Ra2 32. Ra5 Kd6 33. g4 f6 34. Kg2 e5 35. Kf3 (35. Ra6+ $16 Kd5 36. dxe5 fxe5 37. Ra7) 35... exd4 $14 36. exd4 g5 37. h3 ({White should play} 37. a4 $16) 37... c6 38. Ke3 Ke6 39. Ra6 Kd5 40. Ra5+ Ke6 41. a4 Ra3+ 42. Ke4 Rxh3 43. Ra6 (43. Rc5 $5 {[%cal Rc5c6]} Kd6 44. f3 $14) 43... Kd7 44. Ra7+ Ke6 45. a5 {Threatens to win with a6.} h5 46. Ra6 Kd7 47. gxh5 Rxh5 48. Ra7+ Ke6 49. a6 {Black must now prevent Ra8.} Rh3 {[%csl Ge6][%cal Rf6f5]} 50. f3 f5+ 51. Ke3 {Strongly threatening Ra8.} g4 $2 {[%mdl 8192] [#]} (51... Rh8 $11) 52. Ra8 $1 $18 Rxf3+ 53. Ke2 Ra3 {Hoping for ...Kf7.} 54. a7 Ra2+ 55. Ke3 Ra3+ 56. Ke2 (56. Kf4 $142 Rf3+ 57. Kg5 Ra3 58. Re8+ Kd5 59. a8=Q Rxa8 60. Rxa8 g3 61. Kf4) 56... Ra2+ $1 57. Ke3 (57. Ke1 $18 Kd5 58. Rd8+ Kc4 59. a8=Q Rxa8 60. Rxa8) 57... Ra3+ $1 58. Kf4 {White mates.} Rf3+ 59. Kg5 Ra3 60. Re8+ Kd5 61. a8=Q Rxa8 62. Rxa8 Kxd4 63. Kxf5 c5 64. Kxg4 {KR-KP} c4 65. Kf3 Kd3 66. Rd8+ Kc2 67. Ke2 c3 68. Rc8 {Precision: White = 50%, Black = 57%.} 1-0

[Event "EICC 2017"]
[Site "Minsk"]
[Date "2017.06.06"]
[Round "7"]
[White "Neiksans, Arturs"]
[Black "Jakovenko, Dmitry"]
[Result "1/2-1/2"]
[WhiteElo "2599"]
[BlackElo "2718"]
[Annotator "TA"]
[PlyCount "39"]
[EventDate "2017.??.??"]
[EventCountry "BLR"]
[SourceTitle "playchess.com"]
[Source "ChessBase"]
[SourceQuality "1"]

{[%evp 9,39,-20,-12,-21,0,-7,0,0,0,0,0,0,0,0,-1,-14,-9,-16,15,-16,0,-31,-8,-18,-13,-36,-38,-36,-12,-27,-21,-30]} 1. c4 e5 2. Nc3 Nc6 3. e3 Bb4 4. Qc2 Bxc3 (4... Nf6 5. a3 Bxc3 6. Qxc3 d5 7. cxd5 Qxd5 8. b4 Be6 9. b5 Nd4 10. Bb2 O-O-O 11. Rc1 Rd7 12. exd4 exd4 {0-1 (55) Charbonneau,P (2505)-Caruana,F (2817) chess.com INT 2017}) 5. dxc3 $146 ({Predecessor:} 5. Qxc3 d6 6. d4 exd4 7. exd4 Qf6 8. Ne2 Nge7 9. d5 Qxc3+ 10. Nxc3 Nd4 11. Kd2 Bd7 12. b3 {½-½ (32) Nikolaidis,I (2552)-Dimitrov,A (2321) Hydra 2015}) 5... d6 6. e4 {A21: English Opening: 1...e5 2 Nc3} Be6 7. Bd3 Nf6 {[%cal Bg8f6,Bf6d7,Bd7c5][%mdl 32]} 8. Ne2 {[%cal Bg1e2,Be2g3,Bg3f5][%mdl 32]} Nd7 9. Ng3 Nc5 10. Be2 a5 11. Be3 b6 12. O-O O-O 13. Nf5 Ne7 14. b3 Qd7 {[%cal Re7f5]} 15. Bg4 g6 16. Nxe7+ Qxe7 17. Bxe6 Qxe6 18. f3 f6 19. Rad1 Qe8 20. Qd2 {Precision: White = 48%, Black = 26%.} 1/2-1/2

[Event "EICC 2017"]
[Site "Minsk"]
[Date "2017.06.06"]
[Round "7"]
[White "Bok, Benjamin"]
[Black "Navara, David"]
[Result "1/2-1/2"]
[WhiteElo "2598"]
[BlackElo "2739"]
[Annotator "TA"]
[PlyCount "38"]
[EventDate "2017.??.??"]
[EventCountry "BLR"]
[SourceTitle "playchess.com"]
[Source "ChessBase"]
[SourceQuality "1"]

{[%evp 29,35,38,39,33,38,38,33,35]} 1. d4 Nf6 2. c4 g6 3. g3 c6 4. Bg2 d5 5. cxd5 cxd5 6. Nf3 Bg7 7. Ne5 e6 8. Nc3 Nfd7 9. Nf3 Nc6 10. O-O O-O 11. Bf4 Nf6 12. Rc1 {D79: Fianchetto Grünfeld: Symmetrical Variation (6 0-0 c6 7 cxd5 cxd5)} Bd7 13. Bd6 (13. Ne5 Rc8 14. Qd2 Nxe5 15. Bxe5 Bc6 16. Rc2 Ne8 17. Rfc1 Nd6 18. Qf4 g5 19. Qf3 Bxe5 20. dxe5 {½-½ (77) So,W (2773)-Caruana,F (2795) Saint Louis 2016}) 13... Re8 14. e3 Bf8 15. Bxf8 Rxf8 {LiveBook: 3 Games. White is slightly better.} 16. Qe2 Rc8 17. Rfd1 Qe7 18. Ne5 {Predecessor:} Rfd8 $146 19. Nd3 Kg7 {½-½ (38) Repp,H (2283)-Kuhne,D (2227) GER email 2013} 1/2-1/2

[Event "EICC 2017"]
[Site "Minsk"]
[Date "2017.06.06"]
[Round "7"]
[White "Fedorov, Alexei"]
[Black "Teterev, Vitaly"]
[Result "1/2-1/2"]
[WhiteElo "2598"]
[BlackElo "2487"]
[Annotator "TA"]
[PlyCount "64"]
[EventDate "2017.??.??"]
[EventCountry "BLR"]
[SourceTitle "playchess.com"]
[Source "ChessBase"]
[SourceQuality "1"]

{[%evp 10,64,36,19,29,14,14,14,14,17,30,14,14,6,6,5,11,0,0,0,7,-7,-8,-12,-12,-8,-7,-16,-15,-6,13,9,34,4,31,-15,-27,-29,-25,-43,-11,-33,-41,-35,-39,-41,-41,-47,-50,-50,-35,-67,-41,-67,-56,-50,0]} 1. c4 e6 2. d4 d5 3. Nc3 a6 4. cxd5 exd5 5. Bf4 c6 6. Qc2 {LiveBook: 9 Games. D31: Queen's Gambit Declined: Semi-Slav without ...Nf6 (+ Marshall Gambit and Noteboom) and Exchange Variation lines without ...Nf6} Ne7 $146 ({Predecessor:} 6... Bd6 7. Bxd6 Qxd6 8. e3 Ne7 9. Bd3 Nd7 10. Nf3 Ng6 11. h4 Ne7 12. h5 h6 {1-0 (44) Wang,H (2729)-Dubov,D (2614) Dubai 2014}) 7. e3 Bf5 8. Qb3 {The position is equal.} Ra7 9. Nf3 {[%cal Bg1f3,Bf3e1,Be1d3,Bd3e5][%mdl 32]} Nd7 10. Be2 Ng6 {[%cal Be7g6,Bg6f8,Bf8e6][%mdl 32]} 11. Bg3 Be7 12. O-O O-O 13. Rfc1 Re8 14. Ne1 Ngf8 15. Nd3 Ne6 16. Na4 Bf8 17. Qd1 g6 18. Ne5 Nf6 19. f3 Bh6 20. Bf2 {With the idea g4.} Nf8 21. b4 (21. g4 {is more complex.} Be6 22. b4 Qe7 23. Nc5 N8d7 24. Qc2) 21... N6d7 22. Nxd7 Nxd7 23. g4 Be6 24. Nc5 a5 25. b5 Nxc5 {Black is slightly better.} 26. Rxc5 Bd7 27. bxc6 bxc6 28. Rc3 Bf8 29. Rb1 h5 30. h3 hxg4 31. hxg4 Bb4 32. Rc2 Kg7 {Precision: White = 31%, Black = 68%.} 1/2-1/2

[Event "EICC 2017"]
[Site "Minsk"]
[Date "2017.06.06"]
[Round "7"]
[White "Kulaots, Kaido"]
[Black "Schreiner, Peter"]
[Result "1/2-1/2"]
[WhiteElo "2597"]
[BlackElo "2483"]
[Annotator "TA"]
[PlyCount "126"]
[EventDate "2017.??.??"]
[EventCountry "BLR"]
[SourceTitle "playchess.com"]
[Source "ChessBase"]
[SourceQuality "1"]

{[%evp 21,126,4,17,26,24,25,34,23,16,22,24,18,9,9,21,-8,0,0,-6,-31,-31,-104,-22,-25,-29,-45,-26,-108,-14,-14,-14,-12,-10,-10,-10,-12,-14,-18,-17,-18,-10,-18,-18,-22,-18,-26,-6,-9,-2,-13,0,0,0,0,20,22,30,32,38,32,39,37,36,33,79,0,4,0,0,0,0,0,0,0,0,0,0,0,0,0,0,0,0,0,0,0,0,0,0,0,0,0,0,0,0,0,0,0,12,0,0,0,0,0,0,0,0]} 1. d4 Nf6 2. c4 e6 3. g3 c5 4. d5 exd5 5. cxd5 d6 6. Bg2 g6 7. Nc3 Bg7 8. Nf3 O-O 9. O-O Na6 10. e4 Re8 11. Nd2 Nc7 12. a4 {A62: Modern Benoni: Fianchetto Variation without early ...Nbd7} b6 {[%cal Bb7b6,Bb6b5][%mdl 32]} 13. Re1 Ng4 14. Nf3 {White is slightly better.} Ne5 15. Nxe5 Bxe5 {[#]} 16. Be3 $146 ({Predecessor:} 16. h4 Qd7 17. Bf4 Bg7 18. e5 dxe5 19. d6 Ne6 20. Bxa8 exf4 21. gxf4 Nxf4 22. Rxe8+ Qxe8 {0-1 (39) Moskalenko,V (2535)-Ehlvest,J (2635) Helsinki 1992}) 16... Rb8 17. Qd2 b5 18. f4 (18. Bg5 $5 {[%cal Rg5d8]} Qd7 19. axb5 Nxb5 20. Nxb5 Rxb5 21. Ra2 $11) 18... Bg7 19. e5 Bf5 20. Rac1 (20. Bf2 {feels hotter.} dxe5 21. fxe5 Rxe5 22. Bxc5 bxa4 23. Bxa7 Rb3 24. Nxa4 Rd3 25. Qa5) 20... bxa4 21. exd6 {[#]} (21. Nxa4 $15 dxe5 22. fxe5) 21... Qxd6 (21... Nb5 $1 $17 {Strongly threatening ...Nxc3.} 22. Nxa4 (22. Bxc5 Qa5 $15) 22... c4) 22. Nxa4 $11 {[#]} Rxe3 $1 {[%mdl 512]} 23. Rxe3 (23. Qxe3 $2 {is the wrong capture.} Bd4 $19) 23... Bd4 24. Kh1 (24. Rc4 $1 $11) 24... Bxe3 (24... Nxd5 $17 25. Re2 Nb4) 25. Qxe3 Nxd5 26. Qd2 Rd8 {[%cal Bb8d8,Bd8d6,Bd6b6][%mdl 32]} 27. Nxc5 Nf6 28. Qxd6 Rxd6 29. h3 h5 30. Ra1 Rb6 31. Rxa7 Rxb2 32. Ra3 Rc2 33. Nd3 Rd2 (33... h4 $5 34. g4 Bxd3 35. Rxd3 Rc4 $15) 34. Ne5 Ne4 35. Kg1 {And now g4 would win.} Nf2 36. Nf3 Rb2 37. Ng5 f6 38. Ra8+ Kg7 39. Ra7+ Kf8 40. Rf7+ Ke8 41. Rxf6 Nd3 42. Be4 Bxe4 {[#]} 43. Nxe4 $14 {[%mdl 4096] Endgame KRN-KRN} (43. Re6+ $1 $16 Kd7 44. Rxe4) 43... h4 $1 $11 {The position is equal.} 44. Rd6 ({Much less strong is} 44. gxh4 $6 Rb4 $16) 44... Rb3 45. Re6+ (45. Nd2 $5 {[%cal Rd2b3]} Rc3 46. Ne4 $14 (46. Rxg6 Rc1+ 47. Nf1 hxg3 $14)) 45... Kf7 46. Ng5+ Kg7 47. Re7+ Kf8 48. Rf7+ Kg8 49. gxh4 Rb4 50. f5 gxf5 51. Rxf5 Rxh4 52. Kg2 Rc4 53. Ne6 Rc6 54. Nd4 Rc5 55. Rf6 Ra5 56. Kg3 Ne5 57. h4 Ra4 58. Nf5 Kh7 59. Re6 Nf7 60. h5 Ra3+ 61. Kf2 Rf3+ 62. Kxf3 {Intending Kg4 and mate.} Ng5+ 63. Kg4 Nxe6 {Precision: White = 53%, Black = 65%.} 1/2-1/2

[Event "EICC 2017"]
[Site "Minsk"]
[Date "2017.06.06"]
[Round "7"]
[White "Prohaszka, Peter"]
[Black "Khismatullin, Denis"]
[Result "1/2-1/2"]
[WhiteElo "2596"]
[BlackElo "2651"]
[Annotator "TA"]
[PlyCount "24"]
[EventDate "2017.??.??"]
[EventCountry "BLR"]
[SourceTitle "playchess.com"]
[Source "ChessBase"]
[SourceQuality "1"]

{[%evp 19,24,12,7,7,0,1,8]} 1. d4 Nf6 2. Nf3 e6 3. Bf4 c5 4. e3 Nc6 5. Nbd2 d5 6. c3 Bd6 7. Bg3 Bxg3 8. hxg3 Qd6 9. Bd3 h6 {D02: 1 d4 d5 2 Nf3 sidelines, including 2...Nf6 3 g3 and 2...Nf6 3 Bf4} (9... e5 10. dxc5 Qxc5 11. e4 Bg4 12. Nb3 Qd6 13. exd5 Qxd5 14. Be2 Qe6 15. Qc2 Bf5 16. Qc1 h6 17. O-O {1-0 (29) Georgiev,K (2618)-Brunello,S (2568) Durres 2014}) 10. O-O O-O {LiveBook: 3 Games. The position is equal.} 11. Re1 Rd8 12. Qe2 $146 ({Predecessor:} 12. e4 dxe4 13. Nxe4 Nxe4 14. Bxe4 cxd4 15. Bxc6 Qxc6 16. Nxd4 {1-0 (65) Walter,S (2303)-Dausch,R (2373) Germany 2009}) 12... e5 1/2-1/2

[Event "EICC 2017"]
[Site "Minsk"]
[Date "2017.06.06"]
[Round "7"]
[White "Ponkratov, Pavel"]
[Black "Ponomariov, Ruslan"]
[Result "0-1"]
[WhiteElo "2590"]
[BlackElo "2712"]
[Annotator "TA"]
[PlyCount "54"]
[EventDate "2017.??.??"]
[EventCountry "BLR"]
[SourceTitle "playchess.com"]
[Source "ChessBase"]
[SourceQuality "1"]

{[%evp 17,54,-5,16,-13,-19,-7,-29,-39,-20,-14,0,-83,0,0,0,0,0,0,0,0,0,0,0,0,0,0,0,-210,-206,-258,-206,-461,-462,-450,-450,-504,-494,-1874,-1782]} 1. e4 e5 2. Nf3 Nc6 3. d4 exd4 4. Nxd4 Nf6 5. Nxc6 bxc6 6. e5 Qe7 7. Qe2 Nd5 8. c4 Nb6 9. b3 g6 {LiveBook: 20 Games} 10. Ba3 {C45: Scotch Game} (10. g3 Bg7 11. Bb2 d6 12. Bg2 Bb7 13. O-O dxe5 14. Ba3 Qe6 15. Nd2 f5 16. Rfe1 O-O-O 17. Bb2 Qe7 {1-0 (47) Paichadze,L (2554)-Jojua,D (2575) Tbilisi 2017}) 10... c5 11. Nc3 Bg7 12. O-O-O {Black has an edge.} O-O ({Wrong is} 12... Qxe5 $2 13. Qxe5+ Bxe5 14. Re1 $18) 13. f4 $1 Bb7 14. Nb5 $146 (14. Qf2 $11) ({Predecessor:} 14. Qf2 d6 15. Bd3 Rfe8 16. exd6 cxd6 17. Rhe1 Qd7 {0-1 (36) Lysenko,V (1936)-Semenova,E (2207) Moscow 2016}) 14... a6 (14... Bh6 $17 15. Qe3 d6) 15. Nxc7 $11 {aiming for Qf2.} Rac8 16. Rd6 Nxc4 17. Qxc4 {Hoping for Nd5.} Rxc7 18. h4 ({Don't blunder} 18. Bxc5 $2 Rxc5 $1 {[%mdl 512]} 19. Qxc5 Rc8 $19) 18... Rfc8 $1 19. h5 Rc6 $36 {[%mdl 2048] White is under pressure.} 20. hxg6 hxg6 21. Rxc6 Bxc6 22. Bxc5 $2 {[#]} (22. Bd3 $11 {and White is okay.}) 22... d6 $1 $19 23. Bxd6 Qd7 24. Bc5 $2 (24. Kd2 {was the only defense.} Bxg2 25. Bxg2 Rxc4 26. bxc4) 24... Bb5 {Black is clearly winning.} 25. Qc2 Bxf1 26. Rxf1 Qb5 $1 {[%csl LRc5,LRf1]} 27. Qf2 (27. Qd1 $142 Bf8 28. Kb1 Bxc5 29. Re1) 27... Bf8 {Precision: White = 34%, Black = 85%.} 0-1